| 000 | 00440nam a2200169Ia 4500 | ||
|---|---|---|---|
| 008 | 230718s9999 xx 000 0 und d | ||
| 041 | _aeng | ||
| 082 |
_a363.1640941 _bPIL |
||
| 100 |
_aPilborough L. _9147323 |
||
| 245 | _aInspection Industrial Of Plant | ||
| 260 | _bGiwer | ||
| 300 | _dRef 121 G (14229) | ||
| 365 |
_cRs. _b2044.00 |
||
| 500 | _a121 GEN | ||
| 700 |
_aPilborough L. _9147323 |
||
| 906 |
_dB:29905-Feb-2002 _cOTH _b306.6 |
||
| 999 |
_c303022 _d303022 |
||